| 000 | 01069nam a22003257a 4500 | ||
|---|---|---|---|
| 003 | CHAP | ||
| 005 | 20220329141811.0 | ||
| 008 | 971013s r 00010 d | ||
| 010 | _a74034 | ||
| 011 | _a75006 | ||
| 035 | _a84566 | ||
| 040 | _cCHAP | ||
| 090 | _aR-1586Y | ||
| 100 | 0 | 0 |
_aHarris, David R. _952852 |
| 245 | _aSistemas agrícolas, ecosistemas y el origen de la agricultura | ||
| 500 | _aSobretiro de: Ucke, Peter J. D. | ||
| 500 | _aThe domestication and explotation of plant and animals..London, Deckworth, 1968. pp. 3-14 | ||
| 590 |
_aBATCH-UPD _b10 _c20130110 _lUCH01 _h0407 |
||
| 590 |
_aBATCH-UPD _b10 _c20130111 _lUCH01 _h0003 |
||
| 590 |
_aBATCH-UPD _b10 _c20130410 _lUCH01 _h0041 |
||
| 590 |
_aBATCH-UPD _b10 _c20130913 _lUCH01 _h1928 |
||
| 590 |
_aCONVERSION _b10 _c20130109 _lUCH01 _h1340 |
||
| 650 | 1 | 4 |
_aAclimatación vegetal. _9619 |
| 650 | 1 | 4 |
_aAdaptación (Biología) _9879 |
| 650 | 1 | 4 |
_aAdaptación vegetal. _9880 |
| 700 | 0 |
_aDimbleby, B. W. _932600 |
|
| 901 | _aBK | ||
| 942 | _cREIMP | ||
| 949 |
_aR-1586Y _bBC _cR _d-39958 _eTS1 _i84566 _si |
||
| 999 |
_c74034 _d74034 |
||